Sports Quiz

Random Sports or WWE Quiz
Score 0/18 Timer 06:00
0 Plays Today
Years Used Pay Per View % Correct
2010-2013Elimination Chamber
96.9%
2010-2013Royal Rumble
95.9%
2010-2013Wrestlemania
94.9%
2010-2013Extreme Rules
91.8%
2010-2013Summerslam
91.8%
2010-2013Survivor Series
90.8%
2010-2013TLC
90.8%
2010-2013Hell In A Cell
89.8%
2010-2013Money In The Bank
87.8%
Years Used Pay Per View % Correct
2013Payback
82.7%
2010-2013Night of Champions
82.7%
2012No Way Out
82.7%
2010-2012Over The Limit
79.6%
2013Battleground
78.7%
2010Fatal 4 Way
75.5%
2010Bragging Rights
73.5%
2011Capitol Punishment
73.5%
2011Vengeance
69.4%
Remove Ads.
Support Sporcle.
Get the best of Sporcle when you Go Orange. This ad-free experience offers more features, more stats, and more fun while also helping to support Sporcle. Thank you for becoming a member.

You're not logged in!

Compare scores with friends on all Sporcle quizzes.
OR
Log In

Show Comments

Extras

Top Quizzes Today


Score Distribution

Your Account Isn't Verified!

In order to create a playlist on Sporcle, you need to verify the email address you used during registration. Go to your Sporcle Settings to finish the process.

Report this User

Report this user for behavior that violates our Community Guidelines.

Details: